Trabajo agricola asalariado y diferenciacion social (1a.parte) /
Bewaard in:
| Hoofdauteur: | |
|---|---|
| Formaat: | Texto |
| Onderwerpen: | |
| Tags: |
Voeg label toe
Geen labels, Wees de eerste die dit record labelt!
|
MARC
| LEADER | 00000 a a2200000 04500 | ||
|---|---|---|---|
| 001 | 43011 | ||
| 003 | |||
| 040 | |||
| 100 | |a Flores Alvarado, Humberto | ||
| 245 | |a Trabajo agricola asalariado y diferenciacion social (1a.parte) / |c Humberto Flores Alvarado | ||
| 650 | |a TRABAJADORES AGRICOLAS | ||
| 650 | |a SALARIOS | ||
| 650 | |a CONTRATOS DE TRABAJO | ||
| 650 | |a ESTRUCTURA SOCIAL | ||
| 773 | |g volumen4, número11 ( 1975) páginas 57-86 | ||
| 999 | |c 27869 |d 27869 | ||
| 773 | 0 | |0 18875 |9 5490 |a Universidad de Costa Rica. |d San José, Costa Rica: Universidad de Costa Rica. Consejo Superior Universitario Centroamericano, 1972- |o 13783 |t Estudios Sociales Centroamericanos / |x 03039676 | |
